| 000 | 01464nam2a2200301 4500 | ||
|---|---|---|---|
| 001 | RU\NLR\bibl\870830 | ||
| 005 | 20250614162021.0 | ||
| 010 | _a5-93615-060-7 | ||
| 021 |
_aRU _b2005-41318 _92050 |
||
| 035 | _a(NLR Aleph) 000859450 | ||
| 090 |
_a1530578 _c1530578 |
||
| 100 | _a20051111d2005 |||y0rusy50 ca | ||
| 101 | 1 |
_arus _cger |
|
| 102 | _aRU | ||
| 105 | _aa ||||||||| | ||
| 200 | 1 |
_aТоргаши и герои _eраздумья патриота _fпер. с нем. Д.В. Кузницын _aЕвреи и экономика _fпер. с нем. А.П. Шурбелев |
|
| 210 |
_d2005 _aБ. м. |
||
| 215 |
_a652, [1] с. _cил. |
||
| 300 | _aЗагл. ориг.: Händler und Helden: patriotische Besinnungen; Die Juden und das Wirtschaftsleben | ||
| 320 | _aБиблиогр.: с. 601-643 (614 назв.) | ||
| 454 | 0 |
_12001#$aHändler und Helden$epatriotische Besinnungen _tHändler und Helden |
|
| 454 | 0 |
_12001#$aDie Juden und das Wirtschaftsleben _tDie Juden und das Wirtschaftsleben |
|
| 461 | 0 |
_1001RU\NLR\bibl\897267 _12001#$aСобрание сочинений в 3 томах$vТ. 2 _91687014 _aЗомбарт, В. (1863-1941) _cСанкт-Петербург _d2005 _fВернер Зомбарт _nВладимир Даль _o[пер. с нем.] _tСобрание сочинений в 3 томах _y5-93615-050-X _vТ. 2 |
|
| 801 | 0 |
_aRU _bNLR _c20051111 _grcr |
|
| 801 | 1 |
_aRU _bNLR _c20051111 |
|
| 942 | _cBOOK | ||
| 980 | _aNB | ||